As consequn̊cias da Covid-19 no direito brasileiro

Bibliographic Details
Main Author: Valim, Rafael
Format: eBook
Language:Portuguese
Published: San Pablo: Editora ContraCorrente, 2020
Subjects:
Online Access:Acceso restringido

MARC

LEADER 00000nam a22000007a 4500
005 20200714230959.0
007 cr|||| ||||
008 200714s2020 br |||||s|||| 00||0 por d
020 |a 978-65-9903444-2 
035 |a 31797 
040 |a vLex 
090 |c 10638  |d 10638 
100 1 |a Valim, Rafael 
245 1 2 |a As consequn̊cias da Covid-19 no direito brasileiro  |h [Recurso electrn̤ico] /  |c Rafael Valim, Walfrido Warde 
256 |a Servicio en ln̕ea 
260 |a San Pablo:  |b Editora ContraCorrente,  |c 2020 
300 |a 1 recurso electrn̤ico 
500 |a A Editora Contracorrente tem a satisfaȯ̂ de anunciar a publicaȯ̂ do livro “As consequn̊cias da COVID-19 no direito brasileiro”, coordenado pelos juristas Walfrido Warde e Rafael Valim. O livro ren︢e artigos inďitos de destacados juristas brasileiros versando sobre os impactos da Covid-19 no Direito Administrativo, no Direito Ambiental, no Direito Civil, no Direito Constitucional, no Direito do Consumidor, no Direito Concorrencial, no Direito Econm̥ico, no Direito do Seguro, no Direito Societr̀io, no Direito do Trabalho, no Direito Tributr̀io, no Direito Urbans̕tico e na Filosofia do Direito. 
506 1 |a Disponible solo en los productos indicados  |d vLex Global  |d vLex Global (Academic Edition, excluding Law Schools)  |d vLex Global (U.S. Academic Edition, Law Schools)  |d vLex Global (U.S. Academic Edition, excluding Law Schools)  |d vLex Global (Academic Edition, Law Schools) 
650 0 4 |a Derecho Pb︢lico y Administrativo  |z Brasil 
740 0 |a vLex Libros (Servicio en ln̕ea) 
856 4 0 |u http://vlex.com/source/as-consequ-ncias-da-covid-19-no-direito-brasileiro-31797  |z Acceso restringido 
942 |c BOOK 
999 0 |a Public and Administrative Law